| 000 | 00457nam a2200181Ia 4500 | ||
|---|---|---|---|
| 001 | 23982 | ||
| 005 | 20260414151013.0 | ||
| 008 | 260414t2018||||xx |||||||||||||| ||spa|| | ||
| 041 | _aESP | ||
| 082 |
_a741.2 _bE76 |
||
| 100 |
_aEscandell, Víctor _eAUT |
||
| 245 | 0 |
_aExplorando el blanco y negro : _btécnicas de dibujo y pintura |
|
| 260 | _c2018 | ||
| 300 |
_a127 páginas : _c26 cm. |
||
| 650 | _aABD | ||
| 654 | _aCAU | ||
| 942 |
_cLIB _dJUS _fJUS _2ddc _n |
||
| 999 |
_c23982 _d23982 |
||